| 000 | 00679nam a22002177i 4500 | ||
|---|---|---|---|
| 999 |
_c22929 _d22929 |
||
| 003 | AR-CdUCM | ||
| 008 | 240529b20072007 pe||||| |||| 00| 0 spa d | ||
| 020 | _a978-9972-232-74-9 | ||
| 040 |
_aMUNICIPALIDAD PROVINCIAL DEL CUSCO _cBIBLIOTECA MUNICIPAL DEL CUSCO |
||
| 082 |
_a869.57 / G186P _bG186P |
||
| 100 |
_aGamboa, Jeremías. _950025 |
||
| 245 | _aPunto de fuga / | ||
| 260 |
_aLima : _bAlfaguara, _c2007 |
||
| 300 |
_a172 páginas. : _c24 cm. |
||
| 650 |
_aNovela _950026 |
||
| 650 |
_aEdificio de la calle Los Pinos _950027 |
||
| 650 |
_aUn responso por el cine Colón _950028 |
||
| 650 |
_aTierra prometida _950029 |
||
| 942 |
_2ddc _cLIBROS |
||
| 945 |
_apbj _d2024-05-29 |
||